000 nam a22 7a 4500
999 _c10316
_d10316
008 180213b ||||| |||| 00| 0 eng d
100 _aGhosh, S
_96278
245 _aZottabyte Computer -III
260 _aNew Delhi
_bFalmingo Publication
_c2013